Quizzes
Events
Quiz Creation
Community
Videos
Private Events
Remove Ads
Sign In
Join for FREE
Feedback
Dark Mode
Quiz Categories
Sports
Geography
Music
Movies
Television
Just For Fun
Miscellaneous
History
Literature
Language
Science
Gaming
Entertainment
Religion
Holiday
For Kids
Quiz Lab
Recent
Popular Today
Quiz Kudos Today
Editor Picks
Curator Picks
Quizzes by...
Day
Popularity
Type
Ratings
Length
Year
Community
Subscriptions
Recent Discussions
Orange Saloon
Badges
Playlists
Quests
Create
Leaderboards
Showdown
Live 5
Trivia Bingo
Activity
Puzzle Library
Sporcle Events
Private Events
Virtual Trivia
Globe League
Become a Host
Pub Owners
SporcleCon
Opinionation
Our Games
Videos
Blog
Mobile Apps
Partnerships
Remove Ads and Go Orange
Feedback
Sports
Athletes
MLB
NBA
NHL
NFL
Soccer
Sports Teams
WWE
NCAA
Football
Premier League
Basketball
Baseball
Hockey
Golf
Tennis
Cricket
Rugby
Auto Racing
Olympics
World Cup
Sports
Athletes
MLB
NBA
NHL
NFL
Soccer
Sports Teams
WWE
NCAA
Football
Premier League
Basketball
Baseball
Hockey
Golf
Tennis
Cricket
Rugby
Auto Racing
Olympics
World Cup
Random Quiz
Search Sporcle
×
Quiz Lab
Quiz Lab
Sports
Player
Type in answers that appear in a list
Type in answers that appear in a list
Classic
Best Score? Go Orange.
Lions Team - 2005 Second Test Stats
Can you name the Lions Team - 2005 Second Test?
By
rmurphy123
7m
15 Questions
1,478 Plays
1,478 Plays
1,478 Plays
Comments
Comments
Give Quiz Kudos
Give Quiz Kudos
-
- Ratings
hide this ad
Replay
Link that replays current quiz
Next Quiz
Link to next quiz in quiz playlist
You Got
0%
They Got
Avg Score
54%
Avg Friend Score
Upgrade to see
Score Distribution
Jump to the score distribution portion of the page
Score
0/15
Timer
07:00
0
Plays Today
Position
Player
% Correct
Out-
Half
Jonny Wilkinson
86.9%
Second Row
Paul O'Connell
75.3%
Number 8
Ryan Jones
68.7%
Winger
Jason Robinson
68.1%
Outside Centre
Gareth Thomas
68%
Winger
Shane Williams
63%
Hooker
Steve Thompson
54%
Full-
Back
Josh Lewsey
53.2%
Position
Player
% Correct
Scrum-
Half
Dwayne Peel
52.8%
Loosehead Prop
Gethin Jenkins
51.8%
Openside Flanker
Lewis Moody
45.7%
Inside Centre
Gavin Henson
44.5%
Second Row
Donncha O'Callaghan
39.3%
Tighthead Prop
Julian White
28.3%
Blindside Flanker
Simon Easterby
22.5%
Quiz Playlist
Details
Report
Send in Message
Add To Playlist
Classic:
Type in answers that appear in a list
Last Updated: Jun 29, 2017
Quiz Scoreboard
CHALLENGE
Sign Up to Join the Scoreboard
Show All
Scores
Hide
Comments
May contain spoilers
Recently Published
Popular People in 1961
by mucciniale
History
6m
1-10 Letter E Words III
by El_Dandy
Language
2m
One Thing in Common: World Cities II
by knightlancer
Geography
7m
More to Explore
Quiz From the Vault
Featured Blog Post
Where Did the Easter Bunny Come From?
hide this ad
You Might Also Like...
Tags
2005
lion
Player
position
second
team
test
Today's Top Quizzes in Sports
Browse Sports
hide this ad
Today's Top Quizzes in Player
Browse Player
Top Contributed Quizzes in Sports
1
Les meilleurs buteurs des matchs entre le PSG et l’OM
2
Les entraîneurs de l'OM et du PSG au 21e siècle
3
FIFA Club World Cup Champions
4
2022 World Cup Stars
5
Name the Premier League winners with different clubs
6
La finale Lions - Afrique du Sud 2021
7
Criteria MLB: Left Handed Sluggers
8
Players with Multiple 50 Home Run Seasons
9
MLB Players with Two .350 Batting Average Seasons
10
MLB Hall of Famer by Rings
Explore More
Trending Topics
NBA
Crossword
Anime
Disney
Marvel
Harry Potter
Kpop
Song
Puzzle
The Office
NFL
WWE
Pokémon
Soccer
Country
hide this ad
More By:
rmurphy123
Quiz
Plays
Rating
Category
Featured
Created
2013 Lions Third Test
5,696
Sports
Jul 5, 2017
Lions Team - 2013 Second Test
4,886
Sports
Jun 27, 2017
Lions 2005 Squad
3,496
3.00
Sports
Apr 16, 2017
2009 Lions Squad
2,723
3.00
Sports
Apr 15, 2017
2009 Lions Second Test
2,125
Sports
Jun 28, 2017
Go to Creator's Profile
Score Distribution
Quiz Creator Spotlight
rmurphy123
Follow
Send a Message
Quizzes Created
-
Created Quiz Play Count
-
More By This Creator
Popular Quizzes Today
1
Find the US States - No Outlines Minefield
2
Find the Countries of Europe - No Outlines Minefield
3
The Countries of the World
4
Popular People in 1961
5
1-10 Letter E Words III
6
US States
7
Find the US States
8
One Thing in Common: World Cities II
More Sports Quizzes
Top 30 Scorers for José Mourinho
Quiz Lab
Trending Quizzes
Risky Map Clicking: Least Populous States A-Z
1-10 Letter F Words
1-10 Letter G Words
One Thing in Common: United Kingdom
Risky Map Clicking: Next State Alphabetically
Recently Updated
Leaping Animals
pecheneg
Reality TV Shows (A-Z)
bhenderson79
Rickey Henderson's Hall of Fame Teammates
pecheneg
Champions League XIs: Arsenal
pecheneg
Quick Pick: Celebrities in WWE's Hall of Fame
aduchscher
A-Z Keypad Blitz II
pecheneg
Multiple Oscar Actors
pecheneg
Mystery Phrase Blitz: Oscar 'Best Actors'
pecheneg
F. Scott Fitzgerald Novels
LTH
Pick 3 Villains
ddd62291
Trending Topics
Disney
Crossword
Marvel
Kpop
Anime
Harry Potter
NBA
NFL
The Office
Soccer
Country
Pokémon
Song
Puzzle
WWE
Your Account Isn't Verified!
In order to create a playlist on Sporcle, you need to verify the email address you used during registration. Go to your
Sporcle Settings
to finish the process.
Report this User
Report this user for behavior that violates our
Community Guidelines
.
Details:
Send Report
Go to the Sporcle.com Mobile Site →
Comments